<?xml version="1.0" encoding="UTF-8"?>
<collection xmlns:xsi="http://www.w3.org/2001/XMLSchema-instance" xsi:schemaLocation="http://www.loc.gov/MARC21/slim http://www.loc.gov/standards/marcxml/schema/MARC21slim.xsd" xmlns="http://www.loc.gov/MARC21/slim">
 <record>
  <leader>00000cam a22000003i 4500</leader>
  <controlfield tag="001">UP-1685594773862036517</controlfield>
  <controlfield tag="003">Buklod</controlfield>
  <controlfield tag="005">20161126115011.0</controlfield>
  <controlfield tag="006">g||| |     ||   ||</controlfield>
  <controlfield tag="007">ta</controlfield>
  <controlfield tag="008">161126s2004    nyu    er    |000 0deng d</controlfield>
  <datafield tag="020" ind1=" " ind2=" ">
   <subfield code="a">081297476X</subfield>
  </datafield>
  <datafield tag="035" ind1=" " ind2=" ">
   <subfield code="a">(iLib)UPBAG-00022567419</subfield>
  </datafield>
  <datafield tag="040" ind1=" " ind2=" ">
   <subfield code="a">DLC</subfield>
   <subfield code="d">BAG</subfield>
   <subfield code="e">rda</subfield>
  </datafield>
  <datafield tag="041" ind1="0" ind2=" ">
   <subfield code="a">eng</subfield>
  </datafield>
  <datafield tag="090" ind1=" " ind2="0">
   <subfield code="a">E 902</subfield>
   <subfield code="b">S76 2004</subfield>
  </datafield>
  <datafield tag="100" ind1="1" ind2=" ">
   <subfield code="a">Stone, Gene</subfield>
   <subfield code="d">1951-</subfield>
   <subfield code="e">writer, compiler.</subfield>
  </datafield>
  <datafield tag="245" ind1="1" ind2="4">
   <subfield code="a">The Bush survival bible</subfield>
   <subfield code="b">250 ways to make it through the next four years without misunderestimating the dangers ahead, and other subliminable strategies</subfield>
   <subfield code="c">[written and compiled by] Gene Stone.</subfield>
  </datafield>
  <datafield tag="264" ind1=" " ind2="1">
   <subfield code="a">New York</subfield>
   <subfield code="b">Villard Books</subfield>
   <subfield code="c">2004.</subfield>
  </datafield>
  <datafield tag="300" ind1=" " ind2=" ">
   <subfield code="a">xiii, 122 pages</subfield>
   <subfield code="c">21 cm</subfield>
  </datafield>
  <datafield tag="505" ind1="0" ind2=" ">
   <subfield code="a">6 tips to maintain your sanity / by Judith Orloff -- 7 points from the left of liberal / by Robert Anbian -- 9 groups to join -- 6 ways to get involved in local politics / by Gale A. Brewer -- 5 rising stars to watch -- 10 progressive movers, shakers, and writers -- 9 people worse than Bush (in no particular order) -- 7 American politicians more frightening than Bush -- 9 New drinks to get you by -- 7 tips for women / by Gail Evans -- 10 retrofitted movies for Republicans -- 10 things parents can say to their children / by James Howe -- 10 ways to make money / by Russell Pearlman -- 6 Republican reality TV shows to keep you busy -- 8 topics to inspire writers / by Tracy Kidder -- 7 media habits of highly effective people who aren't Republican / by Kurt Andersen -- 6 reasons to love global warming -- 1 Internet rule to remember / by Tim Sanders -- 11 books that will make you feel better, wiser, or more wistful -- 6 pieces of music to transport you to another world -- 7 anti-Bush movies -- 8 games to play with Bush's body -- 7 countries to move to -- 8 excuses for being late to work -- 13 ways to pass as a Republican -- 5 great golf courses / by John Paul Newport -- 13 steps to protect your body / by Mark Liponis -- 4 treatments to make your body feel better -- 5 Lovable dog breeds to adopt / by The Winnipeg Humane Society -- 2 mental health strategies -- 6 reflections on depression / by Andrew Solomon -- 5 excellent antidepressants -- 7 modern virtues to live by / by Anita L. Allen -- 1 way to tell if Bush is lying -- 9 prayers to get you through the night / by Timothy Dobbins.</subfield>
  </datafield>
  <datafield tag="600" ind1="1" ind2="0">
   <subfield code="a">Bush, George W.</subfield>
   <subfield code="q">(George Walker)</subfield>
   <subfield code="d">1946- .</subfield>
  </datafield>
  <datafield tag="600" ind1="1" ind2="0">
   <subfield code="a">Bush, George W.</subfield>
   <subfield code="q">(George Walker)</subfield>
   <subfield code="d">1946-</subfield>
   <subfield code="v">Humor.</subfield>
  </datafield>
  <datafield tag="650" ind1=" " ind2="0">
   <subfield code="a">Life skills</subfield>
   <subfield code="z">United States.</subfield>
  </datafield>
  <datafield tag="650" ind1=" " ind2="0">
   <subfield code="a">Life skills</subfield>
   <subfield code="z">United States</subfield>
   <subfield code="v">Humor.</subfield>
  </datafield>
  <datafield tag="651" ind1=" " ind2="0">
   <subfield code="a">United States</subfield>
   <subfield code="x">Politics and government</subfield>
   <subfield code="y">2001-2009.</subfield>
  </datafield>
  <datafield tag="651" ind1=" " ind2="0">
   <subfield code="a">United States</subfield>
   <subfield code="x">Politics and government</subfield>
   <subfield code="y">2001-2009</subfield>
   <subfield code="v">Humor.</subfield>
  </datafield>
  <datafield tag="651" ind1=" " ind2="0">
   <subfield code="a">United States</subfield>
   <subfield code="x">Social conditions</subfield>
   <subfield code="y">1980- .</subfield>
  </datafield>
  <datafield tag="651" ind1=" " ind2="0">
   <subfield code="a">United States</subfield>
   <subfield code="x">Social conditions</subfield>
   <subfield code="y">1980-</subfield>
   <subfield code="v">Humor.</subfield>
  </datafield>
  <datafield tag="905" ind1=" " ind2=" ">
   <subfield code="a">FO</subfield>
  </datafield>
  <datafield tag="852" ind1="0" ind2=" ">
   <subfield code="a">UPBAG</subfield>
   <subfield code="b">UPBAG-MAIN</subfield>
   <subfield code="h">E 902 S76 2004</subfield>
  </datafield>
  <datafield tag="942" ind1=" " ind2=" ">
   <subfield code="a">Book</subfield>
  </datafield>
 </record>
</collection>
